Guruh kering / (Record no. 58410)

MARC details
000 -LEADER
fixed length control field 00512cam a22002051i 4500
001 - CONTROL NUMBER
control field sa 64004280
003 - CONTROL NUMBER IDENTIFIER
control field DLC
005 - DATE AND TIME OF LATEST TRANSACTION
control field 20260227112023.0
008 - FIXED-LENGTH DATA ELEMENTS--GENERAL INFORMATION
fixed length control field 830509s1963 io a 000 1 ind
010 ## - LIBRARY OF CONGRESS CONTROL NUMBER
LC control number sa 64004280
035 ## - SYSTEM CONTROL NUMBER
System control number (OCoLC)9492964
040 ## - CATALOGING SOURCE
Original cataloging agency DLC
Transcribing agency OAU
Modifying agency DLC
042 ## - AUTHENTICATION CODE
Authentication code premarc
050 00 - LIBRARY OF CONGRESS CALL NUMBER
Classification number PL5089.T3
Item number G8
100 1# - MAIN ENTRY--PERSONAL NAME
Personal name Tahar, Tabrin.
245 10 - TITLE STATEMENT
Title Guruh kering /
Statement of responsibility, etc. Tabrin Tahar.
250 ## - EDITION STATEMENT
Edition statement Tjet. 1.
260 ## - PUBLICATION, DISTRIBUTION, ETC.
Place of publication, distribution, etc. Djakarta ;
Name of publisher, distributor, etc. Bwaro Niaga,
Date of publication, distribution, etc. 1963.
300 ## - PHYSICAL DESCRIPTION
Extent 81 p. :
Other physical details ill. ;
Dimensions 16 cm.

No items available.

Powered by Koha